Guess the Taylor Swift songs with no clues - Statistics

General Stats
  • This quiz has been taken 62 times
  • The average score is 151 of 262
Answer Stats
Answer % Correct
I
98%
a
96%
the
94%
you
94%
love
93%
loved
93%
me
85%
in
80%
your
80%
and
78%
of
78%
all
76%
on
76%
so
76%
to
74%
you're
74%
that
70%
is
69%
no
69%
are
67%
for
67%
more
67%
When
65%
when
65%
before
63%
girls
63%
like
63%
but
61%
i'm
61%
I'm
61%
can
59%
nights
59%
say
59%
sayin'
59%
they
59%
it's
57%
mine
57%
one
57%
one's
57%
time
57%
we're
57%
think
56%
i've
54%
now
54%
just
52%
not
52%
way
52%
need
50%
with
50%
how
48%
up
48%
made
46%
ohh
46%
feels
44%
some
44%
why
44%
every
43%
here
43%
thankful
43%
know
41%
late
41%
out
41%
over
41%
remember
41%
alone
39%
heart
39%
street
39%
baby
37%
end
37%
fallen
37%
forever
37%
good
37%
fights
35%
knew
35%
phone
35%
call
33%
cryin'
33%
dead
33%
name
33%
wanna
33%
fallen
31%
straight
31%
whose
31%
into
30%
lines
30%
breakin'
28%
cannot
28%
dude
28%
goodbye
28%
kind
28%
led
28%
parallel
28%
someone
28%
someone's
28%
there's
28%
around
26%
bathroom
26%
brought
26%
everything
26%
hands
26%
home
26%
lady
26%
lame
26%
mornin'
26%
past
26%
teach
26%
town
26%
treat
26%
wake
26%
amazing
24%
feelin'
24%
holdin'
24%
killin'
24%
makeup
24%
stars
24%
straight
24%
taught
24%
wild
24%
woman
24%
fake
22%
loyal
22%
mother
22%
leave
20%
sneakin'
20%
teenage
20%
without
20%
16
19%
aligned
19%
drawn
19%
handwriting
19%
jokes
19%
makin'
19%
secrets
19%
interwined
6%
CHORUS
4%
No matching quizzes found
Score Distribution
Percent of People with Each Score
Percentile by Number Answered
Your Score History
You have not taken this quiz